[Event "DEM U16 2020"]
[Site "Willingen GER"]
[Date "2020.10.20"]
[Round "1"]
[White "Mainka, Alwin"]
[Black "Boder, Jan"]
[Result "0-1"]
[Termination "normal"]
[Board "10"]
[WhiteElo "1954"]
[BlackElo "2155"]
[WhiteClock "00:25:20"]
[BlackClock "00:12:25"]
[PlyCount "76"]
[WhiteFideId "16241177"]
[BlackFideId "16243226"]
[EventCountry "GER"]
[EventRounds "7"]
[EventType "swiss"]
[EventDate "2020.10.19"]

1. e4 {[%clk 1:30:56]} c5 {[%clk 1:30:52]} 2. Nf3 {[%clk 1:31:19]} Nc6 {[%clk
1:31:19]} 3. d4 {[%clk 1:31:40]} cxd4 {[%clk 1:31:44]} 4. Nxd4 {[%clk 1:32:03]}
g6 {[%clk 1:31:52]} 5. c4 {[%clk 1:32:18]} Nf6 {[%clk 1:32:00]} 6. Nc3 {[%clk
1:32:39]} d6 {[%clk 1:32:22]} 7. Be2 {[%clk 1:31:49]} Nxd4 {[%clk 1:32:10]} 8.
Qxd4 {[%clk 1:31:51]} Bg7 {[%clk 1:32:20]} 9. Be3 {[%clk 1:31:32]} O-O {[%clk
1:32:31]} 10. Qd2 {[%clk 1:31:18]} a5 {[%clk 1:31:28]} 11. f3 {[%clk 1:30:23]}
a4 {[%clk 1:30:06]} 12. Rc1 {[%clk 1:29:21]} Qa5 {[%clk 1:23:12]} 13. Rc2
{[%clk 1:29:08]} b6 {[%clk 0:58:21]} 14. Kf2 {[%clk 1:22:35]} Ba6 {[%clk
0:51:52]} 15. g4 {[%clk 1:16:16]} Rfc8 {[%clk 0:41:40]} 16. g5 {[%clk 1:13:53]}
Nd7 {[%clk 0:41:43]} 17. Nd5 {[%clk 1:10:23]} Qxd2 {[%clk 0:41:21]} 18. Bxd2
{[%clk 1:07:43]} Kf8 {[%clk 0:39:06]} 19. Rhc1 {[%clk 1:04:50]} e6 {[%clk
0:36:19]} 20. Nb4 {[%clk 0:59:44]} Nc5 {[%clk 0:35:32]} 21. Bc3 {[%clk
0:58:19]} Bxc3 {[%clk 0:34:47]} 22. Rxc3 {[%clk 0:58:38]} Ke7 {[%clk 0:34:33]}
23. Ke3 {[%clk 0:53:00]} h6 {[%clk 0:29:40]} 24. h4 {[%clk 0:49:33]} hxg5
{[%clk 0:29:48]} 25. hxg5 {[%clk 0:49:55]} Rh8 {[%clk 0:29:41]} 26. Rd1 {[%clk
0:46:22]} Bb7 {[%clk 0:29:28]} 27. Nd3 {[%clk 0:41:43]} Rh2 {[%clk 0:17:57]}
28. e5 {[%clk 0:36:41]} dxe5 {[%clk 0:15:05]} 29. Nxe5 {[%clk 0:33:32]} Rah8
{[%clk 0:14:24]} 30. Nd3 {[%clk 0:31:29]} R8h5 {[%clk 0:12:30]} 31. Nxc5 {[%clk
0:30:35]} bxc5 {[%clk 0:12:57]} 32. Rcd3 {[%clk 0:30:51]} Rxg5 {[%clk 0:11:28]}
33. Rd7+ {[%clk 0:28:39]} Kf6 {[%clk 0:11:53]} 34. Rxb7 {[%clk 0:27:10]} Re5+
{[%clk 0:12:18]} 35. Kd3 {[%clk 0:25:41]} Rexe2 {[%clk 0:12:26]} 36. Rb1 {[%clk
0:25:13]} Rd2+ {[%clk 0:12:36]} 37. Kc3 {[%clk 0:25:02]} Rdf2 {[%clk 0:12:56]}
38. Rd1 {[%clk 0:25:20]} Rc2+ {[%clk 0:12:25]} 0-1

[Event "DEM U16 2020"]
[Site "Willingen GER"]
[Date "2020.10.20"]
[Round "1"]
[White "Deuer, Marius"]
[Black "Zackrisson, Peter"]
[Result "1-0"]
[Termination "normal"]
[Board "11"]
[WhiteElo "2209"]
[BlackElo "1947"]
[WhiteClock "00:01:15"]
[BlackClock "00:00:59"]
[PlyCount "105"]
[WhiteFideId "16236432"]
[BlackFideId "16282078"]
[EventCountry "GER"]
[EventRounds "7"]
[EventType "swiss"]
[EventDate "2020.10.19"]

1. d4 {[%clk 1:30:57]} Nf6 {[%clk 1:30:38]} 2. c4 {[%clk 1:31:23]} g6 {[%clk
1:30:59]} 3. Nc3 {[%clk 1:29:53]} Bg7 {[%clk 1:31:16]} 4. g3 {[%clk 1:29:50]}
O-O {[%clk 1:31:18]} 5. Bg2 {[%clk 1:30:09]} d6 {[%clk 1:31:24]} 6. Nf3 {[%clk
1:29:54]} c5 {[%clk 1:31:02]} 7. O-O {[%clk 1:29:28]} Nbd7 {[%clk 1:27:27]} 8.
e4 {[%clk 1:22:30]} cxd4 {[%clk 1:20:46]} 9. Nxd4 {[%clk 1:22:20]} Nc5 {[%clk
1:20:47]} 10. h3 {[%clk 1:20:14]} Bd7 {[%clk 1:19:53]} 11. Be3 {[%clk 1:14:48]}
Ne6 {[%clk 1:15:52]} 12. Nde2 {[%clk 1:07:57]} Qc8 {[%clk 1:06:38]} 13. b3
{[%clk 1:04:17]} Nc5 {[%clk 1:02:23]} 14. Kh2 {[%clk 1:02:30]} a5 {[%clk
0:57:56]} 15. f4 {[%clk 0:57:26]} Bc6 {[%clk 0:51:28]} 16. Qc2 {[%clk 0:54:56]}
b6 {[%clk 0:49:15]} 17. Nd4 {[%clk 0:53:14]} Bb7 {[%clk 0:48:38]} 18. Nd5
{[%clk 0:51:21]} Qd8 19. Rab1 {[%clk 0:46:56]} Rb8 {[%clk 0:41:37]} 20. Nc3
{[%clk 0:38:21]} Rc8 {[%clk 0:37:34]} 21. Rfd1 {[%clk 0:33:35]} Rc7 {[%clk
0:25:11]} 22. Bf2 {[%clk 0:20:47]} Qa8 {[%clk 0:25:11]} 23. Nd5 {[%clk
0:18:50]} Nxd5 {[%clk 0:25:20]} 24. exd5 {[%clk 0:18:45]} Bc8 {[%clk 0:24:33]}
25. Qe2 {[%clk 0:17:48]} Re8 {[%clk 0:22:59]} 26. Nc6 {[%clk 0:15:54]} Bd7
{[%clk 0:22:17]} 27. g4 {[%clk 0:13:06]} e6 {[%clk 0:15:24]} 28. Qc2 {[%clk
0:11:23]} exd5 {[%clk 0:14:31]} 29. cxd5 {[%clk 0:10:54]} Qa6 {[%clk 0:10:45]}
30. Re1 {[%clk 0:09:26]} Bxc6 {[%clk 0:03:41]} 31. dxc6 {[%clk 0:09:49]} Qc8
{[%clk 0:03:53]} 32. Rxe8+ {[%clk 0:04:33]} Qxe8 {[%clk 0:04:16]} 33. Re1
{[%clk 0:04:00]} Re7 {[%clk 0:04:38]} 34. Rxe7 {[%clk 0:03:26]} Qxe7 {[%clk
0:05:04]} 35. a3 {[%clk 0:03:49]} Qc7 {[%clk 0:03:25]} 36. b4 {[%clk 0:03:18]}
Ne6 {[%clk 0:03:44]} 37. bxa5 {[%clk 0:01:11]} bxa5 {[%clk 0:04:01]} 38. Qb3
{[%clk 0:01:01]} d5 {[%clk 0:03:35]} 39. Qb7 {[%clk 0:00:54]} Bf8 {[%clk
0:02:45]} 40. Qxc7 Nxc7 {[%clk 0:03:01]} 41. Bb6 {[%clk 0:19:16]} Bd6 {[%clk
0:33:05]} 42. Kg3 {[%clk 0:15:38]} g5 {[%clk 0:26:06]} 43. Bxa5 {[%clk
0:14:15]} Bxf4+ {[%clk 0:24:57]} 44. Kf2 {[%clk 0:07:46]} d4 {[%clk 0:06:17]}
45. a4 {[%clk 0:04:30]} Kg7 {[%clk 0:05:38]} 46. Ke2 {[%clk 0:01:55]} Kf6
{[%clk 0:05:23]} 47. Bb6 {[%clk 0:01:26]} Be5 {[%clk 0:01:48]} 48. Kd3 {[%clk
0:00:44]} Ne6 {[%clk 0:02:13]} 49. Be4 {[%clk 0:00:42]} Ke7 {[%clk 0:01:53]}
50. a5 {[%clk 0:00:40]} Kd6 {[%clk 0:00:32]} 51. a6 {[%clk 0:00:40]} Nc7 52.
Bxc7+ {[%clk 0:00:49]} Kxc7 {[%clk 0:00:59]} 53. a7 {[%clk 0:01:15]} 1-0

[Event "DEM U16 2020"]
[Site "Willingen GER"]
[Date "2020.10.20"]
[Round "1"]
[White "Müller, Magnus"]
[Black "Sulayev, Daniel"]
[Result "0-1"]
[Termination "normal"]
[Board "12"]
[WhiteElo "2030"]
[BlackElo "2193"]
[WhiteClock "00:13:20"]
[BlackClock "00:45:40"]
[PlyCount "34"]
[WhiteFideId "16230060"]
[BlackFideId "12977675"]
[EventCountry "GER"]
[EventRounds "7"]
[EventType "swiss"]
[EventDate "2020.10.19"]

1. Nf3 {[%clk 1:30:41]} g6 {[%clk 1:30:20]} 2. e4 {[%clk 1:30:07]} Bg7 {[%clk
1:30:34]} 3. c4 {[%clk 1:26:28]} d6 {[%clk 1:26:36]} 4. Be2 {[%clk 1:20:06]} c5
{[%clk 1:21:17]} 5. d4 {[%clk 1:17:44]} Bg4 {[%clk 1:18:49]} 6. dxc5 {[%clk
1:07:48]} Qa5+ {[%clk 1:18:27]} 7. Nbd2 {[%clk 1:03:53]} dxc5 {[%clk 1:11:51]}
8. O-O {[%clk 0:54:56]} Qc7 {[%clk 1:08:33]} 9. h3 {[%clk 0:52:40]} Bxf3 {[%clk
1:07:57]} 10. Nxf3 {[%clk 0:53:03]} Nc6 {[%clk 1:08:02]} 11. Qa4 {[%clk
0:45:00]} e6 {[%clk 0:58:02]} 12. Be3 {[%clk 0:39:35]} b6 {[%clk 0:57:01]} 13.
Bf4 {[%clk 0:37:03]} Qb7 {[%clk 0:56:20]} 14. Ne5 {[%clk 0:29:02]} Nge7 {[%clk
0:51:10]} 15. Bf3 {[%clk 0:26:24]} Bxe5 {[%clk 0:45:53]} 16. Bxe5 {[%clk
0:26:45]} b5 {[%clk 0:46:19]} 17. cxb5 {[%clk 0:13:20]} Nxe5 {[%clk 0:45:40]}
0-1